01859nab a2200205 i 4500001001000000003001000010005001700020008004100037040003000078041000800108100003800116245009500154520112100249650003301370650001701403773016101420942000801581945004701589999001701636768714001CO-MdFUSB20240510120614.0240509t1970 sp ||||| |||| 00| 0 spa d bspacCO-MdFUSBdCO-MdFUSB aspa aDietzfelbinger, Wolfgang, eautor aMovimientos restauradores en la iglesia protestante de Alemaniac/ Wolfgang Dietzfelbinger aEn el seno de la Iglesia evangélica hay mucha fermentación, confusión, falta de reflexión, irresponsabilidad e incluso calumnia. Pero ¿no hay otra alternativa que condenar por las buenas o colaborar sin espíritu crítico? ¿No es posible un examen reposado que siga atentamente el desarrollo, bien animando y participando, o bien frenando con cuidado u oponiendo una negativa? Se puede censurar tal comportamiento como táctica de la indecisión, pero también se puede reconocer en él la confianza en el Espíritu Santo, el cual hace que lo malo se extinga a tiempo, que los extremismos terminen sin resultado, que lo inmaduro se desarrolle y que de los males del presente nazca nueva vida para el futuro. Con estas breves consideraciones quedan indicadas las perspectivas generales de los grupos confesantes. No están libres del peligro de aislarse a sí mismos y quedarse parados a la orilla derecha del camino de la Iglesia. Pero también tienen la posibilidad de alcanzar la flexibilidad suficiente para dialogar dentro de la Iglesia protestante y poder así contribuir a su bendición.  7aTeología dogmática96937 7aIglesia96550 049450982614oR2541tRevista internacional de teología Conciliumw(CO-MdFUSB)8x0210-1041gNúmero 51, (enero, 1970), páginas: 112 - 119qpágina: 112 cANA aCatherine Arias Alvarez - Practicante SENA c69661d69661